Закон синархии и учение о двойственной иерархии монад и множеств (Запис № 312932)

МАРК-запис
000 -Лідер
fixed length control field 00930nam a22002657a 4500
001 - Контрольний номер
control field 26607
003 - Ідентифікатор контрольного номера
control field UA-OsUOA
005 - Дата та час останнього входження (трансакції)
control field 20230130135957.0
007 - Фіксоване поле фізичного опису
fixed length control field ta
008 - Елементи даних фіксованої довжини – загальна інформація
fixed length control field 20040607b un ||||| |||| 00| 0 ukr d
020 ## - Міжнародний стандартний книжковий номер (ISBN)
Міжнародний стандартний книжковий номер (ISBN) (НП) 5710100110
040 ## - Джерело каталогізації
Агенція оригінальної каталогізації UA-OsUOA
Мова каталогізації rus
Агенція, яка здійснювала перезапис UA-OsUOA
Агенція, яка здійснювала модифікацію UA-OsUOA
041 ## - Код мови
Код мови тексту/ звукової доріжки чи окремого заголовка (П) rus
044 ## - Код країни видавця/ виробника
Код країни видавця/ виробника (П) UA
080 ## - Індекс Універсальної десяткової класифікації
Індекс Універсальної десяткової класифікації (УДК) (НП) 234
090 ## - Локальний шифр розміщення
Класифікаційний індекс УДК 234
Авторський знак (НП) Ш71
100 ## - Основне введення – ім’я особи
Ім’я особи (НП) Шмаков В.
245 ## - Відомості про назву
Назва (НП) Закон синархии и учение о двойственной иерархии монад и множеств
Дані про відповідальність (НП) Владимир Шмаков
260 ## - Публікація, розповсюдження і т.п. (Вихідні дані)
Місце публікації, розповсюдження і т.п. (П) Киев
Ім’я/ наймення видавництва, розповсюджувача і т.п. (П) София
Дата публікації, розповсюдження і т.п. (П) 1994
300 ## - Фізичний опис
Обсяг 320 с.
490 ## - Область серії
Назва серії Система эзотерической философии
650 #7 - Додаткове предметне введення – тематичний термін
Джерело заголовка чи терміна UDC
Тематичний термін чи географічна назва, як елемент введення (НП) 234 Релігії, які виникли на індійському субконтиненті. індійська релігія в широкому розумінні
942 ## - Додаткові елементи входу (Коха)
Тип елемента Koha Книги
Source of classification or shelving scheme Universal Decimal Classification
955 ## - Код типу видання за змістом
Код типу видання за змістом (НП) Науково-популярні видання
Фонди
Стан вилучень Стан втрат Джерело класифікації або схеми стелажів Стан уражень Не для кредиту Постійне місце розташування Поточне розміщення Дата придбання Вартість, звичайна ціна покупки Інвентарний номер Усього замовленно Повний номер виклику Штрих-код Дата останнього перегляду Ціна ефективна від Тип елемента Koha Джерело придбання Вартість, ціна заміни
    Universal Decimal Classification     АБ - Абонемент НБ АБ - Абонемент НБ 17/07/2023 20.00     234 Ш71 166062 17/07/2023 17/07/2023 Книги №27/12.07.2023 20.00
    Universal Decimal Classification     ЧЗ - Читальна зала ЧЗ - Читальна зала 07/06/2004 20.00 79216   234 Ш71 79216 07/02/2022 07/06/2004 Книги